000 00304nam a22001337a 4500
020 _a978-93-5618-538-8
082 _a540
_bCUE/C
100 _aRACHNA SAGAR
245 _aCUET UG-2023
_bCHEMISTRY
260 _aNEW DELHI
_bRACHNA SAGAR
_c2023
300 _a184
520 _aREFERENCE-CHEMISTRY
942 _cBK
999 _c7787
_d7787